00656cam a22002052 4500001001100000005001700011008004100028020001700069040001500086050002200101100003600123245010400159250001300263260002900276300001600305650003900321650004700360700004000407852000300447000002129920151217145933.0120312s xx 000 0 eng d a8120338975 : aKABUcKABU 0aHG4026b.V36 20091 aVan Horne, James C.@000015255210aFundamentals of financial management /cJames C. Van Horne, John M. Wachowicz, Saumitra N. Bhaduri. a13th ed. aNew Delhi :bPHI,c2009. axxi, 719 p. 0aCorporationsxFinance.@0000007704 0aBusiness enterprisesxFinance.@00001525481 aWachowicz, John Martin.@00001525911